|
|
|
|
| LEADER |
01052nam a2200277 a 4500 |
| 001 |
c000145820 |
| 003 |
CARM |
| 005 |
19910730000000.0 |
| 008 |
780403s1978 njua b 001 0 eng |
| 010 |
|
|
|a 78006875 //r84
|
| 019 |
1 |
|
|a 1173538
|z 21810255
|5 LACONCORD2021
|
| 020 |
|
|
|a 0470263741
|
| 035 |
|
|
|a (OCoLC)3843755
|5 LACONCORD2021
|
| 040 |
|
|
|a LC
|b eng
|c LC
|d VMOU
|
| 050 |
0 |
0 |
|a BF353
|b .H855
|
| 082 |
0 |
4 |
|a 155.9/2
|
| 245 |
0 |
0 |
|a Human response to crowding /
|c edited by Andrew Baum, Yakov M. Epstein.
|
| 260 |
|
|
|a Hillsdale, N.J. :
|b L. Erlbaum Associates ;
|a New York :
|b distributed by Halsted Press,
|c 1978.
|
| 300 |
|
|
|a xiv, 418 p. :
|b ill. ;
|c 24 cm.
|
| 504 |
|
|
|a Includes bibliographies and indexes.
|
| 650 |
|
0 |
|a Crowding stress.
|
| 700 |
1 |
|
|a Baum, Andrew,
|d 1953-
|
| 700 |
1 |
|
|a Epstein, Yakov M.,
|d 1941-
|
| 852 |
8 |
|
|b CARM
|h A2:AF08G0
|i B01729
|p 0029572
|f BK
|
| 999 |
f |
f |
|i 50ad81d5-29c1-5bcf-989d-4ef88948bdf6
|s 3a8c089d-faf2-53b3-b485-6637f8ea6725
|
| 952 |
f |
f |
|p Can circulate
|a CAVAL
|b CAVAL
|c CAVAL
|d CARM 1 Store
|e B01729
|f A2:AF08G0
|h Other scheme
|i book
|m 0029572
|